| 000 | 00605nam a2200229Ia 4500 | ||
|---|---|---|---|
| 005 | 20260429112138.0 | ||
| 008 | 260429s9999||||xx |||||||||||||| ||und|| | ||
| 020 | _a9781394307951 | ||
| 041 | _aEnglish | ||
| 082 |
_a338.927 _bGOO |
||
| 100 | _aGoodstein, Eban S. | ||
| 245 | 0 |
_aEconomics and the environment / _cEban S. Goodstein |
|
| 250 | _a10th ed. | ||
| 260 |
_aChennai : _bWiley, _c2025. |
||
| 300 | _axii, 510 p.; pbk | ||
| 650 | _a Environment | ||
| 650 | _a Measuring sustainability | ||
| 650 | _aEconomics | ||
| 700 | _a Polasky, Stephen | ||
| 700 | _a Wong, Jason C. | ||
| 942 | _cTB | ||
| 999 |
_c52583 _d52583 |
||